[Event "Wesel Undeloh op"]
[Site "Wesel Undeloh"]
[Date "2005.??.??"]
[Round "1"]
[White "Guth, Erwin"]
[Black "Ehrlich, Hans Georg"]
[Result "0-1"]
[WhiteElo "1612"]
[BlackElo "1907"]
[PlyCount "136"]
[EventDate "2005.04.14"]
[EventType "swiss"]
[EventRounds "7"]
[EventCountry "GER"]
[SourceTitle "EXT 2007"]
[Source "ChessBase"]
[SourceDate "2006.11.23"]
[SourceVersion "1"]
[SourceVersionDate "2006.11.23"]
[SourceQuality "1"]

1. e4 c6 2. Bc4 d5 3. exd5 cxd5 4. Bb5+ Nc6 5. Bxc6+ bxc6 6. d4 Nf6 7. Nf3 Ba6 8. Ne5 Rc8 9. Nd3 Qb6 10. Nc5 e6 11. Nxa6 Qxa6 12. Nc3 Bb4 13. Qd3 Qb7 14. 0-0 0-0 15. Ne2 Bd6 16. c3 Nd7 17. b4 e5 18. a3 Nb6 19. dxe5 Bxe5 20. Nd4 Nc4 21. Nf3 Rfe8 22. Nxe5 Rxe5 23. Qg3 Re6 24. Be3 Nxe3 25. fxe3 Rce8 26. Rf3 Qb6 27. Re1 Qa6 28. Qc7 R6e7 29. Qd6 Qc4 30. e4 dxe4 31. Rfe3 Re6 32. Qd7 a6 33. a4 a5 34. Qb7 Qd5 35. b5 Qc5 36. b6 f5 37. g3 R6e7 38. Qa6 Rb8 39. Qf1 Rd7 40. Qf4 Rxb6 41. g4 g6 42. h4 Qd6 43. Qxd6 Rxd6 44. gxf5 gxf5 45. Rf1 Rd5 46. Rg3+ Kf7 47. Rg4 e3 48. Re4 Rb2 49. Rxe3 Kf6 50. Rfe1 f4 51. Re6+ Kf5 52. Rxc6 Kg4 53. Rc7 h5 54. Rf1 Rf5 55. Rc4 Kg3 56. Rc7 Rg2+ 57. Kh1 Rh2+ 58. Kg1 Rxh4 59. Rg7+ Rg4 60. Rxg4+ hxg4 61. Rd1 f3 62. Kf1 Rf4 63. Rc1 Rc4 64. Rc2 Kf4 65. Kf2 g3+ 66. Kf1 Ke3 67. Ke1 g2 68. Re2+ Kf4 0-1